<The> Informed Reader Contemporary Issues in the Disciplines

Gespeichert in:
Bibliographische Detailangaben
Weitere Verfasser: Bazerman, Charles
Format: Buch
Sprache:Englisch
Veröffentlicht: Boston Houghton Mifflin Co. 1989
Ausgabe:1. ed.
Schlagworte:
Tags: Tag hinzufügen
Keine Tags, Fügen Sie das erste Tag hinzu!

MARC

LEADER 00000nam a2200000 4500
001 c009860
005 20221206131342.9
020 |a 0-395-40718-4 
041 0 |a eng 
044 |a US 
245 1 0 |a <The> Informed Reader  |b Contemporary Issues in the Disciplines  |c Hl. zost. Charles Bazerman 
250 |a 1. ed. 
264 1 |a Boston  |b Houghton Mifflin Co.  |c 1989 
300 |a 602 s. 
610 2 0 |a vedy spoločenské 
610 2 0 |a obchod 
610 2 0 |a sociológia 
610 2 0 |a vzdelávanie 
610 2 0 |a vedy technické 
610 2 0 |a študenti 
610 2 0 |a štúdium vysokoškolské 
610 2 0 |a vedy prírodné 
700 1 |a Bazerman, Charles